在空白地图上画出中国所有地级行政区 Chinese prefecture-level regions with an empty map - Statistics

General Stats
  • This quiz has been taken 3 776 times
  • The average score is 212 of 391
Answers on the Map
Answers color-coded by a green-red scale on the quiz's map according to % correct below.
 
Answer Stats
省份 地市 % Correct
特别行政区/直辖市 北京
81%
特别行政区/直辖市 上海
78%
特别行政区/直辖市 天津
78%
广东 广州
76%
江苏 南京
75%
浙江 杭州
75%
山东 青岛
74%
福建 福州
73%
广东 深圳
73%
江苏 苏州
73%
山东 济南
73%
福建 厦门
72%
河北 石家庄
71%
黑龙江 哈尔滨
71%
湖北 武汉
71%
特别行政区/直辖市 重庆
71%
湖南 长沙
70%
江苏 连云港
70%
辽宁 大连
70%
山东 烟台
70%
安徽 合肥
69%
广东 汕头
69%
河南 郑州
69%
吉林 长春
69%
江西 南昌
69%
陕西 西安
69%
四川 成都
69%
浙江 宁波
69%
江苏 徐州
68%
辽宁 沈阳
68%
内蒙古 呼和浩特
68%
山西 太原
68%
特别行政区/直辖市 香港特别行政区
68%
西藏 拉萨
68%
云南 昆明
68%
福建 泉州
67%
广东 东莞
67%
广西 南宁
67%
河北 廊坊
67%
河北 唐山
67%
吉林 吉林
67%
江苏 无锡
67%
山东 威海
67%
特别行政区/直辖市 澳门特别行政区
67%
新疆 乌鲁木齐
67%
浙江 温州
67%
广东 珠海
66%
贵州 贵阳
66%
海南 海口
66%
河北 秦皇岛
66%
河南 洛阳
66%
江苏 常州
66%
江苏 南通
66%
江苏 盐城
66%
青海 西宁
66%
浙江 台州
66%
甘肃 兰州
65%
广东 佛山
65%
广东 汕尾
65%
河北 保定
65%
河北 张家口
65%
江苏 扬州
65%
台湾 台北
65%
浙江 嘉兴
65%
浙江 绍兴
65%
广东 潮州
64%
广东 湛江
64%
广西 桂林
64%
海南 三亚
64%
河北 承德
64%
河北 邯郸
64%
黑龙江 齐齐哈尔
64%
江苏 泰州
64%
宁夏 银川
64%
浙江 金华
64%
甘肃 酒泉
63%
广东 中山
63%
江苏 镇江
63%
内蒙古 包头
63%
山东 德州
63%
山东 日照
63%
山东 泰安
63%
山东 潍坊
63%
山东 淄博
63%
山西 大同
63%
浙江 湖州
63%
安徽 黄山
62%
安徽 马鞍山
62%
福建 漳州
62%
河北 衡水
62%
河南 开封
62%
河南 南阳
62%
黑龙江 大兴安岭地区
62%
江西 赣州
62%
内蒙古 呼伦贝尔
62%
内蒙古 通辽
62%
台湾 台南
62%
安徽 芜湖
61%
福建 三明
61%
河北 沧州
61%
黑龙江 黑河
61%
吉林 延边朝鲜族自治州
61%
江苏 宿迁
61%
辽宁 锦州
61%
山东 东营
61%
山东 济宁
61%
西藏 日喀则
61%
云南 大理白族自治州
61%
浙江 舟山
61%
福建 莆田
60%
广东 惠州
60%
广西 防城港
60%
江苏 淮安
60%
青海 海西蒙古族藏族自治州
60%
山东 临沂
60%
山东 枣庄
60%
陕西 咸阳
60%
陕西 延安
60%
四川 攀枝花
60%
台湾 台中
60%
云南 西双版纳傣族自治州
60%
浙江 丽水
60%
浙江 衢州
60%
安徽 蚌埠
59%
广东 梅州
59%
广西 北海
59%
广西 柳州
59%
河南 安阳
59%
河南 驻马店
59%
黑龙江 大庆
59%
湖北 黄冈
59%
江西 景德镇
59%
江西 九江
59%
辽宁 丹东
59%
辽宁 葫芦岛
59%
青海 海东
59%
青海 海南藏族自治州
59%
山东 菏泽
59%
陕西 榆林
59%
台湾 高雄
59%
安徽 安庆
58%
安徽 淮北
58%
福建 宁德
58%
贵州 遵义
58%
河南 三门峡
58%
湖北 荆州
58%
湖南 株洲
58%
陕西 宝鸡
58%
陕西 汉中
58%
四川 绵阳
58%
西藏 林芝
58%
安徽 淮南
57%
甘肃 嘉峪关
57%
广东 揭阳
57%
广东 韶关
57%
广东 肇庆
57%
河北 邢台
57%
黑龙江 佳木斯
57%
黑龙江 牡丹江
57%
湖北 十堰
57%
湖南 湘潭
57%
内蒙古 阿拉善盟
57%
内蒙古 鄂尔多斯
57%
青海 海北藏族自治州
57%
山东 滨州
57%
四川 阿坝藏族羌族自治州
57%
西藏 阿里地区
57%
福建 龙岩
56%
甘肃 武威
56%
甘肃 张掖
56%
广东 江门
56%
广东 茂名
56%
广东 云浮
56%
贵州 六盘水
56%
贵州 黔东南苗族侗族自治州
56%
河南 信阳
56%
黑龙江 鹤岗
56%
湖北 襄阳
56%
湖北 宜昌
56%
湖南 张家界
56%
辽宁 铁岭
56%
内蒙古 赤峰
56%
四川 甘孜藏族自治州
56%
新疆 和田地区
56%
新疆 吐鲁番
56%
新疆 伊犁哈萨克自治州
56%
安徽 滁州
55%
甘肃 天水
55%
河南 平顶山
55%
黑龙江 鸡西
55%
黑龙江 双鸭山
55%
湖北 恩施土家族苗族自治州
55%
湖北 神农架林区
55%
吉林 四平
55%
辽宁 鞍山
55%
内蒙古 锡林郭勒盟
55%
山西 晋中
55%
新疆 阿勒泰地区
55%
新疆 哈密
55%
新疆 喀什地区
55%
云南 丽江
55%
安徽 六安
54%
福建 南平
54%
广东 清远
54%
广西 百色
54%
贵州 黔西南布依族苗族自治州
54%
湖南 郴州
54%
湖南 湘西土家族苗族自治州
54%
湖南 岳阳
54%
青海 玉树藏族自治州
54%
山东 聊城
54%
山西 晋城
54%
西藏 山南
54%
安徽 宿州
53%
广东 阳江
53%
贵州 黔南布依族苗族自治州
53%
河南 鹤壁
53%
河南 许昌
53%
湖北 黄石
53%
湖南 衡阳
53%
吉林 白山
53%
江西 上饶
53%
辽宁 朝阳
53%
山西 运城
53%
西藏 那曲
53%
安徽 铜陵
52%
广西 钦州
52%
河南 新乡
52%
河南 周口
52%
黑龙江 七台河
52%
湖北 荆门
52%
辽宁 辽阳
52%
辽宁 盘锦
52%
宁夏 石嘴山
52%
四川 凉山彝族自治州
52%
台湾 新北
52%
西藏 昌都
52%
广东 河源
51%
河南 商丘
51%
湖北 仙桃
51%
吉林 白城
51%
江西 鹰潭
51%
辽宁 抚顺
51%
辽宁 营口
51%
内蒙古 乌海
51%
内蒙古 兴安盟
51%
山西 临汾
51%
四川 乐山
51%
台湾 花莲县
51%
安徽 亳州
50%
安徽 阜阳
50%
安徽 宣城
50%
甘肃 白银
50%
广西 梧州
50%
广西 玉林
50%
河南 焦作
50%
河南 濮阳
50%
湖北 鄂州
50%
湖北 孝感
50%
湖南 常德
50%
湖南 怀化
50%
宁夏 吴忠
50%
宁夏 中卫
50%
山西 忻州
50%
四川 德阳
50%
四川 泸州
50%
四川 宜宾
50%
台湾 桃园
50%
新疆 巴音郭楞蒙古自治州
50%
新疆 克拉玛依
50%
甘肃 甘南藏族自治州
49%
甘肃 陇南
49%
河南 漯河
49%
江西 萍乡
49%
江西 吉安
49%
江西 宜春
49%
宁夏 固原
49%
山西 吕梁
49%
山西 长治
49%
陕西 安康
49%
陕西 渭南
49%
陕西 铜川
49%
四川 广元
49%
四川 自贡
49%
台湾 台东县
49%
安徽 池州
48%
海南 儋州
48%
海南 三沙
48%
海南 五指山
48%
河南 济源
48%
黑龙江 伊春
48%
湖北 天门
48%
内蒙古 乌兰察布
48%
山西 朔州
48%
山西 阳泉
48%
陕西 商洛
48%
四川 雅安
48%
云南 红河哈尼族彝族自治州
48%
云南 怒江傈僳族自治州
48%
海南 东方
47%
黑龙江 绥化
47%
湖南 邵阳
47%
湖南 永州
47%
吉林 辽源
47%
吉林 通化
47%
江西 抚州
47%
内蒙古 巴彦淖尔
47%
青海 果洛藏族自治州
47%
四川 达州
47%
台湾 基隆
47%
新疆 阿克苏地区
47%
云南 普洱
47%
甘肃 庆阳
46%
广西 崇左
46%
贵州 安顺
46%
贵州 铜仁
46%
海南 文昌
46%
吉林 松原
46%
江西 新余
46%
辽宁 本溪
46%
辽宁 阜新
46%
四川 巴中
46%
四川 眉山
46%
四川 南充
46%
新疆 石河子
46%
云南 保山
46%
云南 曲靖
46%
云南 昭通
46%
甘肃 金昌
45%
贵州 毕节
45%
湖北 潜江
45%
湖北 随州
45%
台湾/福建 金门县
45%
新疆 昌吉回族自治州
45%
新疆 塔城地区
45%
甘肃 定西
44%
甘肃 平凉
44%
广西 河池
44%
湖南 娄底
44%
青海 黄南藏族自治州
44%
四川 广安
44%
四川 资阳
44%
台湾 新竹
44%
台湾 新竹县
44%
云南 楚雄彝族自治州
44%
广西 贵港
43%
广西 贺州
43%
湖北 咸宁
43%
湖南 益阳
43%
台湾 嘉义
43%
台湾 嘉义县
43%
云南 玉溪
43%
广西 来宾
42%
台湾 澎湖县
42%
云南 德宏傣族景颇族自治州
42%
云南 迪庆藏族自治州
42%
云南 文山壮族苗族自治州
42%
四川 内江
41%
甘肃 临夏回族自治州
40%
四川 遂宁
39%
台湾 屏东县
39%
云南 临沧
39%
台湾 南投县
38%
新疆 博尔塔拉蒙古自治州
38%
海南 万宁
37%
新疆 克孜勒苏柯尔克孜自治州
37%
海南 琼中黎族苗族自治县
36%
海南 琼海
35%
台湾/福建 连江县(马祖)
35%
台湾 宜兰县
34%
台湾 彰化县
34%
台湾 苗栗县
33%
海南 白沙黎族自治县
32%
海南 陵水黎族自治县
32%
台湾 云林县
32%
新疆 铁门关
32%
海南 澄迈县
31%
海南 临高县
31%
海南 保亭黎族苗族自治县
29%
海南 乐东黎族自治县
29%
海南 昌江黎族自治县
28%
新疆 北屯
28%
新疆 阿拉尔
27%
新疆 胡杨河
27%
新疆 图木舒克
27%
新疆 五家渠
27%
海南 定安县
26%
新疆 昆玉
26%
海南 屯昌县
25%
新疆 双河
24%
新疆 可克达拉
23%
No matching quizzes found
Score Distribution
Percent of People with Each Score
Percentile by Number Answered
Your Score History
You have not taken this quiz